LIBRARY & INFORMATION CENTRE, KCAET, TAVANUR

ONLINE PUBLIC ACCESS CATALOGUE (OPAC)

Climate Change: Biological and Human Aspects (Record no. 14284)

MARC details
000 -LEADER
fixed length control field 00329nam a22001337a 4500
020 ## - INTERNATIONAL STANDARD BOOK NUMBER
ISBN 9781107619210
082 ## - DEWEY DECIMAL CLASSIFICATION NUMBER
Classification number 551.6
Item number COW/CL
100 ## - MAIN ENTRY--AUTHOR NAME
Personal name Cowie Jonathan
245 ## - TITLE STATEMENT
Title Climate Change: Biological and Human Aspects
250 ## - EDITION STATEMENT
Edition statement 2
260 ## - PUBLICATION, DISTRIBUTION, ETC. (IMPRINT)
Place of publication New Delhi
Name of publisher Cambridge University Press
Year of publication 2013
300 ## - PHYSICAL DESCRIPTION
Number of Pages 558
942 ## - ADDED ENTRY ELEMENTS (KOHA)
Koha item type Books
Holdings
Withdrawn status Lost status Damaged status Collection code Home library Current library Shelving location Date acquired Source of acquisition Cost, normal purchase price Full call number Accession Number Koha item type
        KAUAET KAUAET General Stacks 13/06/2016 Cosmo Book House, Calicut 895.00 551.6 COW/CL 24343 Books
free website counter